Statystyki dla Z jakiego kraju? #12

Kliknij tutaj aby rozwiązać quiz!

Ogólne statystyki

  • Ten quiz został rozwiązany 227 razy
  • Średni wynik to 7 z 14

Statystyki odpowiedzi

Znana osobaKraj% Poprawnych
Mikołaj KopernikPolska
100%
MadonnaStany Zjednoczone
77%
Michał AniołWlochy
75%
Fidel CastroKuba
64%
Marlene DietrichNiemcy
64%
AdeleWielka Brytania
59%
Celine DionKanada
57%
Roger FedererSzwajcaria
54%
Penelope CruzHiszpania
53%
NostradamusFrancja
45%
Diane von FurstenbergBelgia
32%
Diego RiveraMeksyk
29%
Greta GarboSzwecja
28%
Tycho BraheDania
11%

Rozkład punktacji

Percentyl według liczby udzielonych odpowiedzi

Procent ludzi z każdym wynikiem

Twoja historia wyników

Nie rozwiązałeś tego quizu